000 00437naa a2200145 a 4500
001 1211
003 CDMR
005 20130116135204.0
008 130130s ||||||||||||r|||||||||||||||d
040 _aCDMR
_bcat
_cCDMR
110 2 _aAssociació de Periodistes de Barcelona
_9134
245 1 0 _aEstatutos de la Asociación de Periodistas de Barcelona
773 0 _a
_tAssociació de Periodistes de Barcelona
_g1933, I, p.270-276
_w315
942 _cCAP
999 _c1211
_d1211